000 00714nam a2200217Ia 4500
003 GCL
005 20240530102146.0
008 140319s9999 xx 000 0 ara d
040 _aGCL /
_cGCL
082 0 4 _a811.008
_bا ع
100 1 _aاحسان عباس
245 1 0 _aعبدالحميد بن يحيى الكاتب: وماتبقى من رسائله ورسائل سالم ابى العلاء /
_cاحسان عباس
260 _a[S.N] :
_bدار الشروق ،
_c1988
300 _a339 ص
650 0 4 _aالادب العربى
650 0 4 _aالرسائل
650 0 4 _aالرسائل فى الادب
650 0 4 _aعبدالحميد الكاتب
650 0 4 _aالمجموعات
942 _2ddc
_cBK
999 _c30214
_d30214